[Event "Zagreb Hulak Memorial op 3rd"]
[Site "Zagreb"]
[Date "2018.12.01"]
[Round "1"]
[White "Gal, Igor"]
[Black "Livaic, Leon"]
[Result "0-1"]
[WhiteElo "1953"]
[BlackElo "2474"]
[PlyCount "86"]
[EventDate "2018.12.01"]
[EventType "swiss"]
[EventRounds "9"]
[EventCountry "CRO"]
[SourceTitle "CBM 187 Extra"]
[Source "ChessBase"]
[SourceDate "2018.11.04"]
[SourceVersion "1"]
[SourceVersionDate "2018.11.04"]
[SourceQuality "1"]

1. e4 c5 2. Nf3 d6 3. c3 Nf6 4. h3 Nc6 5. Bd3 e5 6. Bc2 d5 7. exd5 Qxd5 8. d3 Bf5 9. 0-0 0-0-0 10. Be3 Bxd3 11. Bxd3 Qxd3 12. Qa4 Be7 13. Na3 Kb8 14. Nc4 Nd7 15. Rfd1 Qf5 16. b4 e4 17. Nh2 Nce5 18. Nxe5 Nxe5 19. bxc5 Rxd1+ 20. Rxd1 Nc6 21. Qb5 Rd8 22. Rb1 Qd7 23. Nf1 g5 24. Qb2 f5 25. Bd4 Nxd4 26. cxd4 Bf6 27. Qb4 Bxd4 28. Ne3 Bxe3 29. fxe3 Ka8 30. a4 Rc8 31. a5 a6 32. Rb3 f4 33. exf4 gxf4 34. Rb1 Qc6 35. Kh2 Re8 36. Re1 f3 37. gxf3 Qc7+ 38. Kh1 Qg3 39. Re2 Qxh3+ 40. Kg1 Rg8+ 41. Kf2 Qxf3+ 42. Ke1 Rg1+ 43. Kd2 Qd3# 0-1

[Event "CRO-chT4 Center-A"]
[Site "Zagreb"]
[Date "2011.05.08"]
[Round "6.44"]
[White "Gal, Igor"]
[Black "Robic, Ivica"]
[Result "1-0"]
[WhiteElo "1984"]
[BlackElo "1719"]
[PlyCount "105"]
[EventDate "2011.03.13"]
[EventType "team-tourn"]
[EventRounds "7"]
[EventCountry "CRO"]
[SourceTitle "EXT 2014"]
[Source "ChessBase"]
[SourceDate "2013.11.20"]
[SourceVersion "1"]
[SourceVersionDate "2013.11.20"]
[SourceQuality "1"]

1. d4 Nf6 2. Nf3 g6 3. g3 Bg7 4. Bg2 d6 5. 0-0 0-0 6. c4 c6 7. Nc3 Nbd7 8. e4 Qc7 9. h3 Rb8 10. Be3 a6 11. Rc1 c5 12. b3 b6 13. Nd2 Bb7 14. d5 Rfe8 15. Re1 e5 16. f4 Bc8 17. a4 Kh8 18. Kh2 Ng8 19. f5 Bh6 20. Bxh6 Nxh6 21. g4 f6 22. fxg6 hxg6 23. Rf1 Kg7 24. Nf3 Rh8 25. Kg1 Nf7 26. Rf2 Nf8 27. Ne2 Nh7 28. Qf1 Qe7 29. Rc3 Nhg5 30. Nxg5 Nxg5 31. Rg3 Bd7 32. Qc1 Nh7 33. h4 Rbf8 34. Qe3 Qd8 35. Bf3 Rf7 36. Kf1 Nf8 37. Rh2 Nh7 38. Kg2 Kf8 39. Qh6+ Rg7 40. g5 f5 41. exf5 Bxf5 42. h5 Kg8 43. hxg6 Bxg6 44. Bg4 Qe7 45. Be6+ Bf7 46. g6 Bxe6 47. gxh7+ Kf8 48. Rxg7 Qxg7+ 49. Qxg7+ Kxg7 50. dxe6 Kf8 51. e7+ Kxe7 52. Kf3 Kf6 53. Ke4 1-0

[Event "CRO-chT4 Center-A"]
[Site "Zagreb"]
[Date "2011.04.10"]
[Round "5.43"]
[White "Gal, Igor"]
[Black "Benamatic, Kresimir"]
[Result "0-1"]
[WhiteElo "1984"]
[BlackElo "2015"]
[PlyCount "100"]
[EventDate "2011.03.13"]
[EventType "team-tourn"]
[EventRounds "7"]
[EventCountry "CRO"]
[SourceTitle "EXT 2014"]
[Source "ChessBase"]
[SourceDate "2013.11.20"]
[SourceVersion "1"]
[SourceVersionDate "2013.11.20"]
[SourceQuality "1"]

1. d4 d5 2. c4 c6 3. Nf3 Nf6 4. Nc3 e6 5. e3 Nbd7 6. Bd3 dxc4 7. Bxc4 b5 8. Bd3 Bb7 9. e4 a6 10. 0-0 Be7 11. Qe2 c5 12. e5 Nd5 13. Ne4 cxd4 14. Bg5 Nxe5 15. Nxe5 Bxg5 16. Nxf7 Kxf7 17. Qh5+ Kg8 18. Nxg5 Qf6 19. g3 g6 20. Qg4 Re8 21. Rae1 Bc8 22. Ne4 Qe7 23. Rc1 Kg7 24. h4 e5 25. Qd1 Bh3 26. Re1 Rc8 27. Qb3 Be6 28. Ng5 h6 29. Rxc8 Rxc8 30. Nxe6+ Qxe6 31. a4 Rc5 32. axb5 axb5 33. Bxb5 e4 34. Bc4 Qe5 35. Bxd5 Rxd5 36. Qb7+ Kf6 37. Qc6+ Rd6 38. Qxe4 Qxe4 39. Rxe4 d3 40. Re1 Rb6 41. Rd1 Rb3 42. Rd2 Ke5 43. f3 g5 44. hxg5 hxg5 45. Kg2 Kd4 46. Kf2 Rb7 47. f4 g4 48. Ke1 Ke3 49. f5 Rh7 50. Rf2 Rh1+ 0-1

[Event "CRO-chT4A Center"]
[Site "Zagreb"]
[Date "2010.04.11"]
[Round "3.53"]
[White "Filipovic, Tomislav"]
[Black "Gal, Igor"]
[Result "1/2-1/2"]
[WhiteElo "2009"]
[BlackElo "1995"]
[PlyCount "64"]
[EventDate "2010.03.21"]
[EventType "team-tourn"]
[EventRounds "11"]
[EventCountry "CRO"]
[SourceTitle "EXT 2012"]
[Source "ChessBase"]
[SourceDate "2011.11.24"]
[SourceVersion "1"]
[SourceVersionDate "2011.11.24"]
[SourceQuality "1"]

1. d4 Nf6 2. c4 e6 3. Nf3 Bb4+ 4. Bd2 c5 5. e3 0-0 6. a3 Bxd2+ 7. Nbxd2 cxd4 8. exd4 d6 9. Bd3 Nbd7 10. 0-0 b6 11. Ne4 Qe7 12. Nfd2 Bb7 13. Qe2 Rfd8 14. Nxf6+ Nxf6 15. d5 Qd7 16. Ne4 Qe7 17. Nxf6+ Qxf6 18. Rad1 Re8 19. Qc2 h6 20. Be4 Rad8 21. dxe6 Bxe4 22. Qxe4 Rxe6 23. Qd4 Qg5 24. Rfe1 Rde8 25. Rxe6 Rxe6 26. h3 Qe7 27. g3 Rf6 28. b4 Qe2 29. Rd2 Qe1+ 30. Kg2 Re6 31. Rd1 Qe2 32. Qd3 Qe5 1/2-1/2

[Event "HUN Egyetemi op"]
[Site "Hungary"]
[Date "1995.??.??"]
[Round "?"]
[White "Dupsky, Laszlo"]
[Black "Gal, Igor"]
[Result "1/2-1/2"]
[WhiteElo "2245"]
[BlackElo "2310"]
[PlyCount "22"]
[EventDate "1995.??.??"]
[EventType "swiss"]
[EventRounds "9"]
[EventCountry "HUN"]
[SourceTitle "EXT 2006"]
[Source "ChessBase"]
[SourceDate "2005.11.24"]
[SourceVersion "1"]
[SourceVersionDate "2005.11.24"]
[SourceQuality "1"]

1. e4 e5 2. Nf3 Nc6 3. Bb5 a6 4. Ba4 Nf6 5. 0-0 Nxe4 6. Bxc6 bxc6 7. Re1 d5 8. d3 Nc5 9. Nxe5 Be7 10. d4 Ne6 11. Nc3 0-0 1/2-1/2

[Event "HUN Egyetemi op"]
[Site "Hungary"]
[Date "1995.??.??"]
[Round "?"]
[White "Gajai, Csilla"]
[Black "Gal, Igor"]
[Result "0-1"]
[WhiteElo "2145"]
[BlackElo "2310"]
[PlyCount "120"]
[EventDate "1995.??.??"]
[EventType "swiss"]
[EventRounds "9"]
[EventCountry "HUN"]
[SourceTitle "EXT 2006"]
[Source "ChessBase"]
[SourceDate "2005.11.24"]
[SourceVersion "1"]
[SourceVersionDate "2005.11.24"]
[SourceQuality "1"]

1. d4 e6 2. Nf3 d5 3. Bf4 Bd6 4. Bg3 f5 5. e3 Nf6 6. Nbd2 0-0 7. Ne5 Ne4 8. Nxe4 fxe4 9. Qg4 c5 10. c3 cxd4 11. exd4 Nc6 12. f3 Bxe5 13. Bxe5 Nxe5 14. dxe5 exf3 15. gxf3 Rf5 16. Qg3 Qb6 17. Rg1 Qe3+ 18. Be2 Qxe5 19. Qxe5 Rxe5 20. Kf2 Bd7 21. Rad1 Rf8 22. Rd4 Ref5 23. Rg3 Bc6 24. Rdg4 g6 25. Ke3 e5 26. h4 Kg7 27. a3 R8f6 28. Bd1 Rd6 29. Bc2 Rh5 30. Bd3 d4+ 31. cxd4 exd4+ 32. Rxd4 Rxd4 33. Kxd4 Rxh4+ 34. Ke3 Rh2 35. Be2 Kf6 36. b4 a6 37. Rg1 Bb5 38. Bxb5 axb5 39. Rc1 Ra2 40. Rc5 Rxa3+ 41. Kf4 Rd3 42. Rxb5 Rd4+ 43. Ke3 Rd7 44. Kf4 Ke6 45. Ke4 Kd6 46. Rb6+ Kc7 47. Rf6 Re7+ 48. Kd5 Kd7 49. b5 g5 50. b6 h5 51. Rd6+ Ke8 52. Rg6 Rh7 53. Ke6 Kf8 54. Rxg5 h4 55. Rg2 Rh6+ 56. Kf5 Rxb6 57. Rh2 Rh6 58. Kg4 h3 59. f4 b5 60. Kg5 Rh8 0-1